| 000 | 00641nam a2200217Ia 4500 | ||
|---|---|---|---|
| 005 | 20241216010124.0 | ||
| 008 | 180423s9999||||xx |||||||||||||| ||und|| | ||
| 082 |
_a398.2 _bZ24 |
||
| 100 | _aZAMBRANO REQUIZ, MELANIO | ||
| 245 | 0 |
_aFOLKLORE LITERARIO EN ANTAPIRCA _bFLOR DE CANTUTA EN LAS QUEBRADAS ANDINAS |
|
| 250 | _a1 | ||
| 260 |
_aPASCO - PERU _bUNDAC _c1998 |
||
| 300 |
_a71 pag. _c20.5 cm |
||
| 341 | _h0 | ||
| 490 |
_v0 _a0 |
||
| 505 | _aTRADICIONES-COSTUMBRES/MONOGRAFIA DE ANTAPIRCA/PERSONALIDADE | ||
| 541 |
_aD _bZAMBRANO REQUIZ, MELANIO _d17-Sep-02 |
||
| 650 | _aCIENCIAS SOCIALES | ||
| 856 | _zHumanidades | ||
| 942 | _cLIBRO | ||
| 999 |
_c6092 _d6092 |
||